MARC details
| 000 -CABECERA |
| campo de control de longitud fija |
01219nam a2200349 i 4500 |
| 001 - NÚMERO DE CONTROL |
| campo de control |
991061287773006706 |
| 003 - IDENTIFICADOR DEL NÚMERO DE CONTROL |
| campo de control |
ES-BaIT |
| 005 - FECHA Y HORA DE LA ÚLTIMA TRANSACCIÓN |
| campo de control |
20260118183403.0 |
| 008 - DATOS DE LONGITUD FIJA--INFORMACIÓN GENERAL |
| campo de control de longitud fija |
250227e202412 spc|||| |||| 0|0 0bcat| |
| 015 ## - NÚMERO DE BIBLIOGRAFÍA NACIONAL |
| Número de bibliografía nacional |
LL2025 |
| Fuente |
bnc |
| 017 ## - NÚMERO DE COPYRIGHT O DE DEPÓSITO LEGAL |
| Número de copyright o de depósito legal |
DL B 20926-2024 |
| Agencia que asigna |
Biblioteca de Catalunya |
| 020 ## - NÚMERO INTERNACIONAL ESTÁNDAR DEL LIBRO |
| Número Internacional Estándar del Libro |
9788419747679 |
| 040 ## - FUENTE DE LA CATALOGACIÓN |
| Centro catalogador/agencia de origen |
ES-BaBC |
| Lengua de catalogación |
cat |
| Normas de descripción |
rda |
| Centro/agencia transcriptor |
ES-BaBC |
| 080 ## - NÚMERO DE LA CLASIFICACIÓN DECIMAL UNIVERSAL |
| Número de la Clasificación Decimal Universal |
929Balaguer, Víctor, |
| Identificador de la edición |
2004 |
| 100 1# - ENTRADA PRINCIPAL--NOMBRE DE PERSONA |
| Nombre de persona |
Pi de Cabanyes, Oriol, |
| Fechas asociadas al nombre |
1950- |
| Término indicativo de función/relación |
autor |
| 9 (RLIN) |
38917 |
| 245 10 - MENCIÓN DE TÍTULO |
| Título |
Reconsideració de Víctor Balaguer, maçó, progressista i liberal / |
| Mención de responsabilidad, etc. |
Oriol Pi de Cabanyes |
| 250 ## - MENCIÓN DE EDICIÓN |
| Mención de edición |
Primera edició |
| 264 #1 - PRODUCCIÓN, PUBLICACIÓN, DISTRIBUCIÓN, FABRICACIÓN Y COPYRIGHT |
| Producción, publicación, distribución, fabricación y copyright |
Vilanova i la Geltrú : |
| Nombre del de productor, editor, distribuidor, fabricante |
El Cep i la Nansa Edicions, |
| Fecha de producción, publicación, distribución, fabricación o copyright |
desembre 2024 |
| 300 ## - DESCRIPCIÓN FÍSICA |
| Extensión |
379 pàgines ; |
| Dimensiones |
24 cm |
| 336 ## - TIPO DE CONTENIDO |
| Término de tipo de contenido |
text |
| Código de tipo de contenido |
txt |
| Fuente |
rdacontent |
| 337 ## - TIPO DE MEDIO |
| Nombre/término del tipo de medio |
sense mediació |
| Código del tipo de medio |
n |
| Fuente |
rdamedia |
| 338 ## - TIPO DE SOPORTE |
| Nombre/término del tipo de soporte |
volum |
| Código del tipo de soporte |
nc |
| Fuente |
rdacarrier |
| 490 1# - MENCIÓN DE SERIE |
| Mención de serie |
Biblioteca Antina |
| 500 ## - NOTA GENERAL |
| Nota general |
A la pàgina 4 de la coberta: 200 Víctor Balaguer |
| 504 ## - NOTA DE BIBLIOGRAFÍA, ETC. |
| Nota de bibliografía, etc. |
Bibliografia: pàgines 369-379 |
| 600 17 - PUNTO DE ACCESO ADICIONAL DE MATERIA--NOMBRE DE PERSONA |
| Nombre de persona |
Balaguer, Víctor, |
| Fechas asociadas al nombre |
1824-1901 |
| 9 (RLIN) |
6399 |
| 650 #0 - PUNTO DE ACCESO ADICIONAL DE MATERIA--TÉRMINO DE MATERIA |
| Término de materia o nombre geográfico como elemento de entrada |
Escriptors catalans |
| Subdivisión cronológica |
S. XIX |
| Subdivisión general |
Biografia |
| Fuente del encabezamiento o término |
lemac |
| 9 (RLIN) |
67855 |
| 830 ## - PUNTO DE ACCESO ADICIONAL DE SERIE-TÍTULO UNIFORME |
| Título uniforme |
Biblioteca Antina |
| 9 (RLIN) |
167474 |
| 908 ## - COLOCAR PARÁMETRO DE COMANDO (RLIN) |
| Colocar parámetro de comando |
BC |
| -- |
CLR |
| -- |
CDMAE |
| 940 ## - EQUIVALENCIA O REFERENCIA-CRUZADA--TÍTULO UNIFORME [OBSOLETO] [solamente CAN/MARC] |
| Título uniforme |
<a href="BC">BC</a> |
| 942 ## - ELEMENTOS DE ENTRADA AGREGADA (KOHA) |
| Fuente del sistema de clasificación o colocación |
Clasificación decimal universal |
| Tipo de ítem Koha |
Llibre |